Algorithms

محفوظ في:
التفاصيل البيبلوغرافية
المؤلف الرئيسي:  Sedgewick, Robert
التنسيق: Sách
اللغة:Undetermined
منشور في:  Addison-Wesley  2011
الموضوعات:
الوسوم: إضافة وسم
لا توجد وسوم, كن أول من يضع وسما على هذه التسجيلة!
Thư viện lưu trữ: Trung tâm Thư viện - Trường Đại học Công nghiệp TP. Hồ Chí Minh
LEADER 00467nam a2200157Ia 4500
001 UIH_02456
008 231011s9999 xx 000 0 und d
082 |a  005.1 
100 |a  Sedgewick, Robert 
245 0 |a  Algorithms 
245 0 |c  Sedgewick, Robert 
260 |b  Addison-Wesley 
260 |c  2011 
650 |a  Thuật toán máy tính;  
927 |a Sách 
980 |a Trung tâm Thư viện - Trường Đại học Công nghiệp TP. Hồ Chí Minh